000 00983nam a2200265Ia 4500
003 OSt
005 20220923211524.0
006 a|||||r|||| 00| 0
007 ta
008 220922b |||||||| |||| 00| 0 hin d
020 _a9789381054703 (hbk)
_c595
024 _a317,522
037 _b258, 24/02/2017, Eastern Book Linkers
_cTextual
040 _aARTS
_cARTS
_bhin
041 _2hin
_ahin
082 _aQ4:33:g, 152Q4
100 _aमिश्रा, मनु, ले.
245 0 _aबुद्ध चरितः एक काव्य, इतिहास और दर्शन
246 _aBuddha charitah ek kāvya, itihās aur darshana
260 _aगोरखपुर
_b नीलकमल प्रकाशन
_c2014
300 _a288पृ.
_ccm.
650 _aबौद्ध धर्म
942 _hQ4:33:g, 152Q4
_cTEXL
_2CC
999 _c300380
_d300380